000 00944cam a2200205 i 4500
005 20260111103326.0
008 250721s2005 ua gr 000 0 ara d
020 _a9771018914
082 1 4 _a300.021
_bع ل ا
100 1 _aعلام، صلاح الدين محمود
_eمؤلف.
245 1 2 _aالأساليب الإحصائية الإستدلالية في تحليل بيانات البحوث النفسية و التربوية و الاجتماعية :
_b( البارامترية و اللابارامترية) /
_cالدكتور صلاح الدين محمود علام.
264 3 1 _aالقاهره :
_bدار الفكر العربي،
_c2005.
300 _a629صفحة.
650 1 7 _aالاستدلال الإحصائي.
650 1 7 _aنظرية الاحتمالات.
650 1 7 _aالأبحاث الاجتماعية.
650 1 7 _aعلم النفس التربوي.
942 _2ddc
_cBK
999 _c106471
_d106471